| 000 | 00472nam a22001457a 4500 | ||
|---|---|---|---|
| 020 | _qHB. | ||
| 040 | _cFIZZA ISHAQ | ||
| 082 |
_a690.0285 _bSAC |
||
| 100 |
_a Sacks , Rafael. _924771 |
||
| 245 |
_aBIM Handbook: A Guide to Building Information Modeling for Owners, Designers, Engineers, Contractors, and Facility Managers / _c Rafael Sacks. |
||
| 250 | _a3RD ED. | ||
| 260 |
_aNEW YORK: _bWILEY, _c2018. |
||
| 300 |
_a659 P. ; _c7.5 X 9.5 X 1.5 inches |
||
| 942 |
_2ddc _cBK |
||
| 999 |
_c616390 _d616390 |
||